[Event "Open Bosnjaci"]
[Site "Bosnjaci"]
[Date "2017.01.04"]
[Round "3.19"]
[White "Andrijevic, Milan"]
[Black "Vukovic, Ivo"]
[Result "1/2-1/2"]
[WhiteElo "2293"]
[BlackElo "2043"]
[PlyCount "25"]
[EventDate "2017.??.??"]
[WhiteClock "1:30:00"]
[BlackClock "1:30:00"]

1. e4 e5 2. Nf3 Nc6 3. Bb5 Nge7 4. O-O d6 5. d4 Bd7 6. dxe5 Nxe5 7. Nxe5 dxe5
8. Bc4 Nc6 9. c3 Bd6 10. b4 a6 11. Be3 O-O 12. Nd2 Qe7 13. a4 1/2-1/2

[Event "Open Bosnjaci"]
[Site "Bosnjaci"]
[Date "2017.01.04"]
[Round "3.20"]
[White "Tomic, Ivan"]
[Black "Plenca, Jadranko"]
[Result "0-1"]
[WhiteElo "1869"]
[BlackElo "2424"]
[PlyCount "94"]
[EventDate "2017.??.??"]
[WhiteClock "1:30:00"]
[BlackClock "1:30:00"]

1. f4 d5 2. Nf3 g6 3. e3 Bg7 4. d4 Nh6 5. Bb5+ c6 6. Bd3 Bf5 7. O-O O-O 8. Bxf5
Nxf5 9. Qd3 Nd7 10. Ne5 Nxe5 11. fxe5 f6 12. e4 dxe4 13. Qxe4 Qxd4+ 14. Qxd4
Nxd4 15. Na3 fxe5 16. Rxf8+ Rxf8 17. Be3 b6 18. Re1 Rd8 19. Bg5 Nf5 20. g4 Nd4
21. Kg2 Bf6 22. Be3 Ne6 23. g5 Nxg5 24. Bxg5 Bxg5 25. Rxe5 Bf6 26. Re2 Bxb2 27.
Nc4 Bf6 28. Re6 Rd4 29. Rxc6 Rd7 30. Kf3 Kg7 31. h3 h5 32. a4 Rd5 33. Rc7 Rc5
34. Rxc5 bxc5 35. Na5 Kf7 36. Nc6 a6 37. Nd8+ Ke8 38. Ne6 Bd4 39. Nc7+ Kd7 40.
Nxa6 Kc6 41. Ke4 Bf2 42. Ke5 Kb7 43. Nxc5+ Bxc5 44. Kf4 Kb6 45. Kg5 e5 46. Kxg6
e4 47. Kxh5 e3 0-1

[Event "Open Bosnjaci"]
[Site "Bosnjaci"]
[Date "2017.01.05"]
[Round "4.1"]
[White "Stankovic, Milos"]
[Black "Jovanovic, Zoran"]
[Result "1/2-1/2"]
[WhiteElo "2376"]
[BlackElo "2526"]
[PlyCount "41"]
[EventDate "2017.??.??"]
[WhiteClock "1:29:00"]
[BlackClock "1:30:00"]

1. e4 d5 2. exd5 Qxd5 3. Nc3 Qd6 4. d4 Nf6 5. Bc4 c6 6. Nge2 Bf5 7. Bf4 Qb4 8.
Bb3 e6 9. O-O Nbd7 10. Ng3 Bg6 11. Bc7 Rc8 12. a3 Qe7 13. Ba5 Nb6 14. Re1 Qd7
15. Qf3 Be7 16. Nce2 O-O 17. h4 Rfe8 18. h5 Bf5 19. Nxf5 exf5 20. Ng3 g6 21.
hxg6 1/2-1/2

[Event "Open Bosnjaci"]
[Site "Bosnjaci"]
[Date "2017.01.05"]
[Round "4.2"]
[White "Tica, Sven"]
[Black "Fercec, Nenad"]
[Result "1/2-1/2"]
[WhiteElo "2352"]
[BlackElo "2467"]
[PlyCount "58"]
[EventDate "2017.??.??"]
[WhiteClock "1:30:00"]
[BlackClock "1:30:00"]

1. d4 Nf6 2. c4 b6 3. f3 g6 4. e4 d6 5. Nc3 Bg7 6. Be3 Nbd7 7. Qd2 h6 8. O-O-O
c5 9. e5 cxd4 10. exf6 dxc3 11. Qd5 cxb2+ 12. Kd2 Nxf6 13. Qxa8 Qc7 14. c5 O-O
15. cxb6 axb6 16. Bd3 Bh3 17. Qa4 Bxg2 18. Ne2 Bxf3 19. Rhf1 Ra8 20. Qb3 Bd5
21. Qxb6 Qd7 22. Nc3 Bxa2 23. Nxa2 Rxa2 24. Rb1 Kh7 25. Qb3 Qa4 26. Qxf7 Qb4+
27. Ke2 Qg4+ 28. Kd2 Qb4+ 29. Ke2 Qg4+ 1/2-1/2

[Event "Open Bosnjaci"]
[Site "Bosnjaci"]
[Date "2017.01.05"]
[Round "4.3"]
[White "Dizdarevic, Emir"]
[Black "Vajic, Goran"]
[Result "1/2-1/2"]
[WhiteElo "2463"]
[BlackElo "2310"]
[PlyCount "91"]
[EventDate "2017.??.??"]
[WhiteClock "1:29:00"]
[BlackClock "1:30:00"]

1. Nf3 Nf6 2. g3 g6 3. b3 Bg7 4. Bb2 O-O 5. Bg2 d6 6. d4 c5 7. O-O cxd4 8. Nxd4
d5 9. c4 dxc4 10. Na3 cxb3 11. axb3 Nc6 12. Nxc6 bxc6 13. Nc4 Qxd1 14. Rfxd1
Be6 15. Na5 Bd5 16. Nxc6 Bxc6 17. Bxc6 Rac8 18. Bf3 Rc7 19. Be5 Rc5 20. Bd4 Rb5
21. Rxa7 e6 22. Rb1 Nd5 23. Bxg7 Kxg7 24. Bxd5 Rxd5 25. Ra2 Rb8 26. Rc2 Rb4 27.
h4 Rdb5 28. Rc3 f6 29. Rc7+ Kh6 30. Rf7 f5 31. Rc1 Rb7 32. Rxb7 Rxb7 33. Rb1
Rb4 34. Kg2 e5 35. f3 g5 36. hxg5+ Kxg5 37. e3 f4 38. gxf4+ exf4 39. e4 Rd4 40.
Rb2 Kh4 41. b4 Rd6 42. b5 Rg6+ 43. Kh2 Rb6 44. Rb1 h5 45. Rb2 Rxb5 46. Rxb5
1/2-1/2

[Event "Open Bosnjaci"]
[Site "Bosnjaci"]
[Date "2017.01.05"]
[Round "4.4"]
[White "Stocko, Josip"]
[Black "Plenkovic, Zdenko"]
[Result "1-0"]
[WhiteElo "2300"]
[BlackElo "2421"]
[PlyCount "95"]
[EventDate "2017.??.??"]
[WhiteClock "1:30:00"]
[BlackClock "1:30:00"]

1. e4 c5 2. Nf3 a6 3. Nc3 Nc6 4. d4 cxd4 5. Nxd4 e5 6. Nde2 Nf6 7. g3 d5 8.
exd5 Nb4 9. a3 Nbxd5 10. Bg2 Be6 11. Bg5 Bc5 12. O-O Nxc3 13. Nxc3 O-O 14. Qxd8
Raxd8 15. Bxb7 Bc4 16. Rfe1 Bd4 17. Nd1 Rb8 18. Bg2 Bxb2 19. Nxb2 Rxb2 20. Rxe5
Nd7 21. Re7 Be6 22. c4 Rc2 23. Bd5 Ne5 24. Rc1 Ra2 25. Kg2 Rxa3 26. Rxe6 fxe6
27. Bxe6+ Kh8 28. Be7 Raf3 29. Bxf8 Rxf8 30. f4 Nd3 31. Ra1 Nc5 32. Bd5 g6 33.
Ra5 Rc8 34. Kf3 Kg7 35. Ra3 Kf6 36. g4 h6 37. h4 g5 38. hxg5+ hxg5 39. f5 Ke5
40. Re3+ Kd4 41. f6 Nd7 42. Re4+ Kc5 43. f7 Rf8 44. Re7 Kd6 45. Re6+ Kc5 46.
Rxa6 Ne5+ 47. Kg3 Nxc4 48. Ra8 1-0

[Event "Open Bosnjaci"]
[Site "Bosnjaci"]
[Date "2017.01.05"]
[Round "4.5"]
[White "Zufic, Miroslav"]
[Black "Matko, Ognjen"]
[Result "1/2-1/2"]
[WhiteElo "2382"]
[BlackElo "2305"]
[PlyCount "57"]
[EventDate "2017.??.??"]
[WhiteClock "1:30:00"]
[BlackClock "1:30:00"]

1. e4 e6 2. d4 d5 3. Nc3 Bb4 4. e5 c5 5. a3 Bxc3+ 6. bxc3 Ne7 7. Qg4 Qc7 8.
Qxg7 Rg8 9. Qxh7 cxd4 10. Ne2 Nbc6 11. f4 dxc3 12. Qd3 Bd7 13. h4 O-O-O 14. h5
Nf5 15. Rg1 Rg4 16. g3 Rgg8 17. g4 Qb6 18. Rg2 Nh4 19. Rg3 d4 20. Bh3 Kb8 21.
g5 Nf5 22. Bxf5 exf5 23. h6 Be6 24. Rh3 Qc5 25. Rb1 Bc4 26. Qxf5 Be6 27. Qd3
Bc4 28. Qf5 Be6 29. Qd3 1/2-1/2

[Event "Open Bosnjaci"]
[Site "Bosnjaci"]
[Date "2017.01.05"]
[Round "4.6"]
[White "Kovacevic, Blazimir"]
[Black "Bogdanic, Katarina"]
[Result "1-0"]
[WhiteElo "2503"]
[BlackElo "1909"]
[PlyCount "61"]
[EventDate "2017.??.??"]
[WhiteClock "1:30:00"]
[BlackClock "1:30:00"]

1. d4 Nf6 2. c4 e6 3. Nc3 Bb4 4. e3 O-O 5. Nge2 c5 6. a3 cxd4 7. exd4 Be7 8.
Nf4 d5 9. cxd5 exd5 10. Be2 Nc6 11. Bf3 Re8 12. O-O Be6 13. Nxe6 fxe6 14. Be3
Rc8 15. Rc1 Na5 16. Rc2 Nc4 17. Bc1 Qb6 18. Re1 Rc6 19. Rce2 Rd8 20. Na4 Qa6
21. Bg5 b5 22. Nc5 Bxc5 23. dxc5 Kf7 24. Qd3 g6 25. Bxf6 Kxf6 26. Qd4+ Kf7 27.
Qh4 Rd7 28. Qxh7+ Ke8 29. Qg8+ Ke7 30. Bg4 Rd8 31. Rxe6+ 1-0

[Event "Open Bosnjaci"]
[Site "Bosnjaci"]
[Date "2017.01.05"]
[Round "4.7"]
[White "Zovko, Mario"]
[Black "Trbojevic, Mladen"]
[Result "1/2-1/2"]
[WhiteElo "2309"]
[BlackElo "2380"]
[PlyCount "72"]
[EventDate "2017.??.??"]
[WhiteClock "1:30:00"]
[BlackClock "1:30:00"]

1. e4 e5 2. Nf3 Nc6 3. Nc3 Nf6 4. d4 exd4 5. Nxd4 Bb4 6. Nxc6 bxc6 7. Bd3 d6 8.
O-O Ng4 9. h3 Ne5 10. f4 Nxd3 11. cxd3 Qf6 12. Ne2 Bc5+ 13. d4 Bb6 14. Be3 Qe7
15. Nc3 O-O 16. Qf3 f5 17. e5 Bb7 18. Rad1 Qf7 19. Rfe1 Ba5 20. Qe2 Rfe8 21.
Kh2 Rab8 22. Bd2 Bxc3 23. Bxc3 Qd5 24. a3 Re6 25. Rd2 Rbe8 26. Qf2 Ba6 27. Re3
Bc4 28. Rg3 Rg6 29. Rxg6 hxg6 30. Rd1 dxe5 31. fxe5 Qe6 32. Qf4 Bd5 33. Rd3 Be4
34. Rg3 Kf7 35. Bb4 Rb8 36. Qg5 Re8 1/2-1/2

[Event "Open Bosnjaci"]
[Site "Bosnjaci"]
[Date "2017.01.05"]
[Round "4.8"]
[White "Levacic, Patrick"]
[Black "Colovic, Dusan"]
[Result "1/2-1/2"]
[WhiteElo "2291"]
[BlackElo "2370"]
[PlyCount "34"]
[EventDate "2017.??.??"]
[WhiteClock "1:30:00"]
[BlackClock "1:30:00"]

1. e4 d6 2. d4 Nf6 3. Nc3 g6 4. Bg5 c6 5. Qd2 b5 6. Bd3 Nbd7 7. f4 Qb6 8. Nf3
d5 9. Bxf6 Nxf6 10. e5 Nh5 11. a4 b4 12. Ne2 a5 13. h3 Ng7 14. O-O h5 15. c4 e6
16. Rac1 Bd7 17. Ng5 h4 1/2-1/2

[Event "Open Bosnjaci"]
[Site "Bosnjaci"]
[Date "2017.01.05"]
[Round "4.9"]
[White "Ascic, Pero"]
[Black "Rosic, Slavko S"]
[Result "1-0"]
[WhiteElo "2310"]
[BlackElo "2239"]
[PlyCount "65"]
[EventDate "2017.??.??"]
[WhiteClock "1:30:00"]
[BlackClock "1:30:00"]

1. e4 c5 2. Nf3 e6 3. c3 d5 4. exd5 Qxd5 5. d4 Nc6 6. Na3 Bd7 7. Be3 cxd4 8.
Nb5 Rc8 9. Nbxd4 Nxd4 10. Qxd4 Qxd4 11. Bxd4 a6 12. Ne5 Bc5 13. O-O-O Bxd4 14.
Rxd4 Nf6 15. Be2 Bc6 16. Nxc6 Rxc6 17. Rb4 b5 18. a4 Nd5 19. axb5 Rb6 20. Ra4
a5 21. Rxa5 Ke7 22. Rd1 Rc8 23. Rd4 Rc5 24. c4 Nc7 25. Kb1 e5 26. Rd2 Ne6 27.
b4 Rc8 28. c5 Rbb8 29. Bg4 Rd8 30. Rxd8 Nxd8 31. Kb2 g6 32. Ra7+ Kf6 33. Bd7
1-0

[Event "Open Bosnjaci"]
[Site "Bosnjaci"]
[Date "2017.01.05"]
[Round "4.10"]
[White "Pavlovic, Zeljko"]
[Black "Leventic, Ivan"]
[Result "0-1"]
[WhiteElo "2041"]
[BlackElo "2424"]
[PlyCount "80"]
[EventDate "2017.??.??"]
[WhiteClock "1:30:00"]
[BlackClock "1:30:00"]

1. e4 Nf6 2. Nc3 d5 3. e5 Ne4 4. Nxe4 dxe4 5. d4 Bf5 6. Bf4 e6 7. f3 c5 8. Bb5+
Nc6 9. Bxc6+ bxc6 10. c3 Qb6 11. fxe4 Bxe4 12. Qe2 Bg6 13. Nf3 Rb8 14. b3 cxd4
15. cxd4 c5 16. d5 exd5 17. e6 Qb4+ 18. Bd2 Qe4 19. exf7+ Bxf7 20. Qxe4+ dxe4
21. Ng5 Bg6 22. Rc1 Rb6 23. Be3 Be7 24. O-O Ra6 25. Rf2 Rf8 26. Rxf8+ Kxf8 27.
Bxc5 Rxa2 28. Bxe7+ Kxe7 29. Re1 Ra5 30. Nh3 Kf6 31. Nf2 Ke5 32. Nd3+ Kd4 33.
Nf4 Bf5 34. h3 g5 35. Ne2+ Kd3 36. Ng3 Bg6 37. Nf1 Kc3 38. Re3+ Kd4 39. Re1 Ra3
40. Re3 Ra1 0-1

[Event "Open Bosnjaci"]
[Site "Bosnjaci"]
[Date "2017.01.05"]
[Round "4.11"]
[White "Plenca, Jadranko"]
[Black "Mahmutbegovic, Muharem"]
[Result "1-0"]
[WhiteElo "2424"]
[BlackElo "2042"]
[PlyCount "59"]
[EventDate "2017.??.??"]
[WhiteClock "1:29:00"]
[BlackClock "1:30:00"]

1. e4 c5 2. Nf3 d6 3. Bb5+ Nd7 4. d4 cxd4 5. Qxd4 a6 6. Bxd7+ Bxd7 7. c4 Rc8 8.
Nc3 b5 9. cxb5 axb5 10. O-O e6 11. Bg5 f6 12. Be3 Be7 13. Rfd1 Nh6 14. Bxh6
gxh6 15. Qe3 Bf8 16. Nd4 Rb8 17. Rac1 Rg8 18. Nce2 Qb6 19. Qb3 Kf7 20. Rc2 Rg5
21. Rcd2 Qb7 22. Ng3 h5 23. f4 Rc5 24. f5 Re5 25. fxe6+ Bxe6 26. Nxe6 Rxe6 27.
Rd5 Qb6+ 28. Kh1 h4 29. Nf5 Rd8 30. Nd4 1-0

[Event "Open Bosnjaci"]
[Site "Bosnjaci"]
[Date "2017.01.05"]
[Round "4.12"]
[White "Mrkonjic, Nenad"]
[Black "Tucakovic, Zdravko"]
[Result "1-0"]
[WhiteElo "2360"]
[BlackElo "1986"]
[PlyCount "67"]
[EventDate "2017.??.??"]
[WhiteClock "1:29:00"]
[BlackClock "1:30:00"]

1. Nf3 c5 2. c4 Nf6 3. b3 g6 4. Bb2 Bg7 5. g3 d5 6. cxd5 Qxd5 7. Bg2 Nc6 8. O-O
Qd8 9. d3 Bd7 10. Nbd2 O-O 11. Ne5 Rc8 12. Rc1 b6 13. Ndf3 Ng4 14. Nxc6 Bxc6
15. Bxg7 Kxg7 16. Qd2 Qd6 17. Rfd1 e5 18. a3 a5 19. Qb2 Bxf3 20. Bxf3 Nf6 21.
Rc4 b5 22. Rc2 Qd4 23. Rdc1 Qxb2 24. Rxb2 Nd7 25. Rbc2 Rc7 26. e3 Rfc8 27. Be2
Nb6 28. Kf1 Kf6 29. Bg4 a4 30. bxa4 Nxa4 31. Bxc8 Rxc8 32. d4 exd4 33. exd4 Nb6
34. Rxc5 1-0

[Event "Open Bosnjaci"]
[Site "Bosnjaci"]
[Date "2017.01.05"]
[Round "4.13"]
[White "Bobanac, Miro"]
[Black "Pasalic, Adnan"]
[Result "1-0"]
[WhiteElo "2279"]
[BlackElo "2007"]
[PlyCount "83"]
[EventDate "2017.??.??"]
[WhiteClock "1:30:00"]
[BlackClock "1:30:00"]

1. Nf3 d5 2. b3 Nf6 3. Bb2 e6 4. e3 Be7 5. c4 O-O 6. Nc3 b6 7. Qc2 c5 8. d4
cxd4 9. Nxd4 Bb7 10. O-O-O Qc8 11. f3 Na6 12. a3 Rd8 13. Kb1 Nc5 14. g4 dxc4
15. Bxc4 Bf8 16. e4 a6 17. Rd2 b5 18. Be2 Qc7 19. Rhd1 Rac8 20. b4 e5 21. Ndxb5
Rxd2 22. Rxd2 axb5 23. bxc5 Qxc5 24. Bxb5 Qe3 25. Qd3 Qb6 26. a4 Bb4 27. Rc2
Rd8 28. Qc4 Bf8 29. Na2 Rc8 30. Qe2 Rxc2 31. Kxc2 Qc5+ 32. Nc3 Qb6 33. Bc1 Bb4
34. Be3 Qd6 35. Qd3 Qc7 36. Qc4 Qd6 37. Kb3 Ba5 38. Qc5 Qb8 39. g5 Nd7 40. Bxd7
Bd5+ 41. Kc2 Qb3+ 42. Kd3 1-0

[Event "Open Bosnjaci"]
[Site "Bosnjaci"]
[Date "2017.01.05"]
[Round "4.14"]
[White "Pavic, Filip"]
[Black "Jelic, Ivan"]
[Result "1-0"]
[WhiteElo "2269"]
[BlackElo "1943"]
[PlyCount "89"]
[EventDate "2017.??.??"]
[WhiteClock "1:30:00"]
[BlackClock "1:30:00"]

1. e4 e5 2. Nf3 Nc6 3. Bb5 a6 4. Ba4 Nge7 5. Bb3 h6 6. O-O g6 7. d4 exd4 8.
Nxd4 Bg7 9. Be3 O-O 10. Nc3 d6 11. Re1 Rb8 12. h3 Na5 13. a3 Nxb3 14. Nxb3 Nc6
15. Qd2 Kh7 16. Nd4 Ne5 17. b3 g5 18. Kh1 g4 19. hxg4 Qh4+ 20. Kg1 Nxg4 21. Nf3
Qh5 22. Bd4 Rg8 23. Nd5 Ne5 24. Nxe5 dxe5 25. Bc3 Bh8 26. Re3 Bh3 27. Rg3 Bxg2
28. Kxg2 Rxg3+ 29. fxg3 Qg4 30. Qd3 Rd8 31. Qf3 Qe6 32. Rf1 Rf8 33. Qf5+ Qxf5
34. Rxf5 c6 35. Ne3 Kg6 36. Rf2 h5 37. Rd2 Bf6 38. Nf5 c5 39. Rd6 Re8 40. Rd5
b6 41. Rd6 b5 42. Rxa6 b4 43. axb4 cxb4 44. Bxb4 Rc8 45. Be7 1-0

[Event "Open Bosnjaci"]
[Site "Bosnjaci"]
[Date "2017.01.05"]
[Round "4.15"]
[White "Ljikar, Zoran"]
[Black "Klasan, Elvis"]
[Result "1-0"]
[WhiteElo "2211"]
[BlackElo "1971"]
[PlyCount "49"]
[EventDate "2017.??.??"]
[WhiteClock "1:30:00"]
[BlackClock "1:30:00"]

1. e4 g6 2. d4 Bg7 3. Nc3 d5 4. e5 Nh6 5. f4 f6 6. h3 O-O 7. Nf3 Nf7 8. Be3 c6
9. Qd2 f5 10. O-O-O b5 11. Bd3 a5 12. Rdg1 a4 13. g4 e6 14. gxf5 exf5 15. h4 b4
16. Nd1 Nh6 17. h5 b3 18. cxb3 axb3 19. a3 Ng4 20. hxg6 h6 21. Rh5 Qa5 22. Nh4
Qxd2+ 23. Bxd2 Ba6 24. Bxa6 Nxa6 25. Nxf5 1-0

[Event "Open Bosnjaci"]
[Site "Bosnjaci"]
[Date "2017.01.05"]
[Round "4.16"]
[White "Vukovic, Ivo"]
[Black "Tomulic, Teo"]
[Result "1-0"]
[WhiteElo "2043"]
[BlackElo "2209"]
[PlyCount "117"]
[EventDate "2017.??.??"]
[WhiteClock "1:30:00"]
[BlackClock "1:30:00"]

1. Nf3 d5 2. g3 c5 3. Bg2 Nc6 4. O-O e5 5. d3 Nf6 6. Bg5 Be6 7. Nc3 d4 8. Ne4
Be7 9. Nxf6+ gxf6 10. Bh6 Qd6 11. c4 Rg8 12. a3 f5 13. Bd2 h5 14. b4 h4 15. Rb1
Bf6 16. bxc5 Qd7 17. Be1 f4 18. Nd2 Be7 19. Qa4 Rc8 20. Ne4 Rc7 21. Rxb7 Rxb7
22. Nf6+ Bxf6 23. Bxc6 Rc7 24. Bxd7+ Bxd7 25. Qa5 Rc6 26. Qxa7 Ke7 27. Bb4 Rg6
28. Kg2 hxg3 29. fxg3 Ke8 30. Rf2 Rc8 31. Kf1 fxg3 32. hxg3 Rh6 33. Ke1 Rg6 34.
Kd1 Rc6 35. Kc2 Bg7 36. Rf3 f5 37. Kb2 e4 38. Rf4 Be5 39. Rh4 Rxg3 40. Rh7 Rg7
41. Rxg7 Bxg7 42. Qb8+ Kf7 43. Kb3 e3 44. a4 Ke6 45. a5 Be5 46. Qb7 Rc7 47.
Qd5+ Kf6 48. a6 Bc6 49. Qd8+ Ke6 50. Ba5 Ra7 51. Qb6 Rc7 52. Kc2 Kd7 53. Qb8 f4
54. a7 f3 55. exf3 Rb7 56. Qxe5 Ba4+ 57. Kc1 e2 58. a8=Q Rb1+ 59. Kxb1 1-0

[Event "Open Bosnjaci"]
[Site "Bosnjaci"]
[Date "2017.01.05"]
[Round "4.17"]
[White "Lazor, Vladimir"]
[Black "Vranjic, Marko"]
[Result "1/2-1/2"]
[WhiteElo "2200"]
[BlackElo "1934"]
[PlyCount "38"]
[EventDate "2017.??.??"]
[WhiteClock "1:30:00"]
[BlackClock "1:30:00"]

1. e4 c5 2. Nf3 d6 3. d4 cxd4 4. Nxd4 Nf6 5. Nc3 a6 6. Bg5 e6 7. f4 Qc7 8. Qf3
b5 9. Bd3 Bb7 10. a3 Nbd7 11. O-O-O Be7 12. Rhe1 O-O-O 13. Qe2 Nc5 14. Nf3 Rhe8
15. Kb1 Kb8 16. e5 Nd5 17. Nxd5 Bxd5 18. Bxe7 Rxe7 19. Ng5 h6 1/2-1/2

[Event "Open Bosnjaci"]
[Site "Bosnjaci"]
[Date "2017.01.05"]
[Round "4.18"]
[White "Safar, Sandro"]
[Black "Berke, Ana"]
[Result "1-0"]
[WhiteElo "1984"]
[BlackElo "2195"]
[PlyCount "95"]
[EventDate "2017.??.??"]
[WhiteClock "1:30:00"]
[BlackClock "1:30:00"]

1. e4 c5 2. Nc3 Nc6 3. f4 e6 4. Nf3 Nge7 5. d3 d6 6. g3 g6 7. Bg2 Bg7 8. O-O
O-O 9. Ne2 b5 10. c3 b4 11. Be3 Ba6 12. Re1 Rb8 13. Qd2 Qa5 14. c4 Rfd8 15. Qc2
Rbc8 16. Rad1 b3 17. axb3 Rb8 18. Ra1 Qb6 19. Ra3 Nb4 20. Qb1 d5 21. e5 Nf5 22.
Bf2 d4 23. g4 Ne7 24. Bh4 Rd7 25. Ng3 Bb7 26. Qd1 h6 27. Qe2 Re8 28. Bf6 Kh7
29. h4 Ng8 30. Ng5+ hxg5 31. hxg5 Bh6 32. Bxb7 Nxf6 33. exf6 Rh8 34. gxh6 Qxb7
35. Ne4 Qc7 36. Ng5+ Kg8 37. Qh2 Qd6 38. h7+ Kf8 39. Qh6+ Ke8 40. Qg7 Qf8 41.
f5 Nxd3 42. fxe6 Nxe1 43. exd7+ Kxd7 44. Qxf8 Rxf8 45. Nxf7 d3 46. h8=Q Rxh8
47. Nxh8 Nc2 48. Kf2 1-0

[Event "Open Bosnjaci"]
[Site "Bosnjaci"]
[Date "2017.01.05"]
[Round "4.19"]
[White "Babic, Zvonko"]
[Black "Scevic, Antun"]
[Result "1-0"]
[WhiteElo "2162"]
[BlackElo "1899"]
[PlyCount "39"]
[EventDate "2017.??.??"]
[WhiteClock "1:29:00"]
[BlackClock "1:30:00"]

1. Nf3 c5 2. e4 Nc6 3. d4 cxd4 4. Nxd4 e6 5. Nc3 Bb4 6. Nxc6 Bxc3+ 7. bxc3 dxc6
8. Bd3 Ne7 9. O-O Qa5 10. Bd2 O-O 11. c4 Qe5 12. Be3 c5 13. f4 Qc7 14. f5 exf5
15. exf5 Qe5 16. Qf3 Nxf5 17. Rae1 Nxe3 18. Rxe3 Qd4 19. c3 Qg4 20. Qxf7+ 1-0

[Event "Open Bosnjaci"]
[Site "Bosnjaci"]
[Date "2017.01.05"]
[Round "4.20"]
[White "Nikic, Patrick"]
[Black "Medic, Mirjana"]
[Result "1/2-1/2"]
[WhiteElo "1975"]
[BlackElo "2147"]
[PlyCount "72"]
[EventDate "2017.??.??"]
[WhiteClock "1:30:00"]
[BlackClock "1:30:00"]

1. e4 e6 2. d4 d5 3. Nc3 Nf6 4. e5 Nfd7 5. f4 a6 6. Nf3 c5 7. Be3 Nc6 8. Qd2
cxd4 9. Nxd4 Bc5 10. O-O-O Nxd4 11. Bxd4 Bxd4 12. Qxd4 Qc7 13. f5 Qxe5 14. fxe6
Qg5+ 15. Kb1 fxe6 16. Re1 Nf6 17. h4 Qg3 18. Re3 Qg4 19. Qe5 O-O 20. g3 Qf5 21.
Qxf5 exf5 22. Nxd5 Nxd5 23. Bc4 Rd8 24. Re5 Kf7 25. Rxd5 Rxd5 26. Bxd5+ Ke7 27.
Re1+ Kd6 28. Bf3 Kd7 29. b4 Rb8 30. c4 b6 31. Kc2 Bb7 32. Bxb7 Rxb7 33. Kc3 Rb8
34. Re5 g6 35. Kd4 Rf8 36. Ke3 Rc8 1/2-1/2

[Event "Open Bosnjaci"]
[Site "Bosnjaci"]
[Date "2017.01.06"]
[Round "5.1"]
[White "Jovanovic, Zoran"]
[Black "Stocko, Josip"]
[Result "1-0"]
[WhiteElo "2526"]
[BlackElo "2300"]
[PlyCount "97"]
[EventDate "2017.??.??"]
[WhiteClock "1:30:00"]
[BlackClock "1:30:00"]

1. e4 c5 2. Nc3 d6 3. d4 cxd4 4. Qxd4 a6 5. Be3 Nf6 6. O-O-O Nc6 7. Qd2 Bd7 8.
Nf3 b5 9. Bd3 e6 10. Kb1 Be7 11. Nd4 Ng4 12. Nxc6 Bxc6 13. Bd4 e5 14. Be3 Nxe3
15. Qxe3 O-O 16. Be2 Qb8 17. Nd5 Bd8 18. f4 Bxd5 19. Rxd5 Bb6 20. Qd2 Rc8 21.
f5 Bd8 22. Rxd6 Bg5 23. Qd3 a5 24. Rd7 Rc7 25. Rd1 Rxd7 26. Qxd7 Ra7 27. Qd5 a4
28. Qd6 Qxd6 29. Rxd6 b4 30. Rd5 a3 31. Rxe5 h6 32. Rb5 axb2 33. Kxb2 Bd2 34.
Bc4 Bc3+ 35. Kc1 Re7 36. Bd5 h5 37. Kd1 h4 38. Ke2 Kh7 39. Kd3 Rc7 40. Rb6 Ra7
41. h3 Rc7 42. Bc6 Ra7 43. Bd5 Rc7 44. Rb7 Rxb7 45. Bxb7 Be5 46. Kc4 Bd6 47. e5
Bf8 48. c3 bxc3 49. Kxc3 1-0

[Event "Open Bosnjaci"]
[Site "Bosnjaci"]
[Date "2017.01.06"]
[Round "5.2"]
[White "Stankovic, Milos"]
[Black "Kovacevic, Blazimir"]
[Result "1/2-1/2"]
[WhiteElo "2376"]
[BlackElo "2503"]
[PlyCount "86"]
[EventDate "2017.??.??"]
[WhiteClock "1:29:00"]
[BlackClock "1:30:00"]

1. e4 e6 2. d4 d5 3. Nc3 h6 4. Bd3 Nf6 5. e5 Nfd7 6. Nce2 c5 7. c3 Nc6 8. f4
cxd4 9. cxd4 a5 10. Nf3 Nb6 11. O-O a4 12. Kh1 Nb4 13. Bb1 Nc4 14. Nc3 Qa5 15.
a3 Nc6 16. Nxa4 Qxa4 17. b3 Qa6 18. bxc4 Qxc4 19. Rf2 Qa4 20. Bc2 Qa7 21. Bb2
Bd7 22. Qd3 Qa6 23. Qe3 Na5 24. Nd2 Rc8 25. Bd3 Bb5 26. Bb1 g6 27. g4 Be7 28.
Qg3 Kd7 29. a4 Bc6 30. Ba3 Bxa3 31. Qxa3 Nc4 32. Qb4 Qa5 33. Qxa5 Nxa5 34. Bd3
Rcg8 35. Kg1 h5 36. g5 Ra8 37. Rff1 Rhc8 38. Rfc1 Kd8 39. Kf2 Bd7 40. Bb5 Bxb5
41. axb5 Rxc1 42. Rxc1 Rc8 43. Rc5 b6 1/2-1/2

[Event "Open Bosnjaci"]
[Site "Bosnjaci"]
[Date "2017.01.06"]
[Round "5.3"]
[White "Fercec, Nenad"]
[Black "Ascic, Pero"]
[Result "1-0"]
[WhiteElo "2467"]
[BlackElo "2310"]
[PlyCount "77"]
[EventDate "2017.??.??"]
[WhiteClock "1:30:00"]
[BlackClock "1:30:00"]

1. e4 e5 2. Nf3 Nc6 3. Bb5 a6 4. Ba4 Nf6 5. d3 d6 6. c4 Bd7 7. Nc3 Be7 8. h3
O-O 9. Be3 Nb8 10. d4 exd4 11. Nxd4 c5 12. Nde2 Be6 13. Bb3 Nc6 14. Nf4 Ne5 15.
Qe2 Bd7 16. O-O Re8 17. a4 Bc6 18. Bc2 Bf8 19. Nfd5 Bxd5 20. cxd5 b6 21. f4 Ng6
22. Qf3 Qd7 23. Bd2 c4 24. Rae1 b5 25. e5 dxe5 26. Bxg6 hxg6 27. fxe5 b4 28.
exf6 bxc3 29. Bxc3 Rxe1 30. Rxe1 Qxa4 31. d6 Rd8 32. fxg7 Bxd6 33. Qf6 Bc5+ 34.
Kh2 Rd1 35. Be5 c3 36. b3 Qe8 37. Rxd1 Be7 38. Qf4 c2 39. Qh6 1-0

[Event "Open Bosnjaci"]
[Site "Bosnjaci"]
[Date "2017.01.06"]
[Round "5.4"]
[White "Matko, Ognjen"]
[Black "Dizdarevic, Emir"]
[Result "1/2-1/2"]
[WhiteElo "2305"]
[BlackElo "2463"]
[PlyCount "59"]
[EventDate "2017.??.??"]
[WhiteClock "1:30:00"]
[BlackClock "1:30:00"]

1. e4 g6 2. d4 Bg7 3. Nc3 d5 4. exd5 Nf6 5. Bc4 Nbd7 6. Nf3 Nb6 7. Bb3 O-O 8.
O-O a5 9. a4 Nbxd5 10. Nxd5 Nxd5 11. h3 b6 12. Bg5 Qd6 13. Qd2 Bb7 14. Rfe1 e6
15. c3 Rfe8 16. Rad1 f6 17. Bh4 Rad8 18. Bg3 Qd7 19. c4 Nb4 20. Qf4 Bxf3 21.
Qxf3 f5 22. c5 Nd5 23. Bh4 Nf6 24. c6 Qf7 25. Re2 Rd6 26. Bg3 Rdd8 27. Bh4 Rd6
28. Bg3 Rdd8 29. Bh4 Rd6 30. Bg3 1/2-1/2

[Event "Open Bosnjaci"]
[Site "Bosnjaci"]
[Date "2017.01.06"]
[Round "5.5"]
[White "Vajic, Goran"]
[Black "Zufic, Miroslav"]
[Result "0-1"]
[WhiteElo "2310"]
[BlackElo "2382"]
[PlyCount "68"]
[EventDate "2017.??.??"]
[WhiteClock "1:30:00"]
[BlackClock "1:30:00"]

1. e4 c5 2. Nc3 a6 3. f4 b5 4. Nf3 Bb7 5. d3 e6 6. g3 d6 7. Bg2 Nd7 8. O-O b4
9. Ne2 Ngf6 10. h3 Be7 11. b3 Qc7 12. Bb2 Nb6 13. c3 a5 14. a3 bxc3 15. Nxc3
O-O 16. Rc1 d5 17. Ne5 Rad8 18. Nb5 Qb8 19. Ng4 Nxg4 20. Qxg4 d4 21. a4 Nd7 22.
Ba3 Rfe8 23. e5 Ba6 24. Bc6 Qb6 25. Qf3 Rf8 26. Nd6 Bxd6 27. exd6 Qxb3 28. Bxc5
Nxc5 29. Rxc5 Rxd6 30. f5 Qxd3 31. fxe6 Qxf1+ 32. Qxf1 Bxf1 33. e7 Be2 34. Re5
Re6 0-1

[Event "Open Bosnjaci"]
[Site "Bosnjaci"]
[Date "2017.01.06"]
[Round "5.6"]
[White "Leventic, Ivan"]
[Black "Tica, Sven"]
[Result "1/2-1/2"]
[WhiteElo "2424"]
[BlackElo "2352"]
[PlyCount "39"]
[EventDate "2017.??.??"]
[WhiteClock "1:30:00"]
[BlackClock "1:30:00"]

1. e4 c6 2. Nc3 d5 3. d3 e5 4. Nf3 Nf6 5. exd5 cxd5 6. d4 e4 7. Ne5 Be7 8. Bb5+
Bd7 9. Nxd7 Nbxd7 10. O-O O-O 11. f3 a6 12. Ba4 Bb4 13. Nxd5 Nxd5 14. fxe4 N5b6
15. Bb3 Bd6 16. e5 Nxe5 17. dxe5 Bxe5 18. Qh5 Qc7 19. c3 Rac8 20. Be3 1/2-1/2